Estatísticas para Quiz da França

Clique aqui para jogar o quiz

Estatísticas Gerais

  • Esse quiz foi jogado 552 vezes
  • A pontuação média é 12 de 20

Estatísticas das Respostas

DicaResposta% Correto
CapitalParis
100%
Museu mais visitado do mundoMuseu do Louvre
89%
Região da França localizado na
América do Sul
Guiana Francesa
87%
Torre construída para a
Exposição Universal de 1889
Torre Eiffel
83%
Slogan revolucionário:
Liberdade, Igualdade, ________
Fraternidade
82%
Símbolo no brasão de armas
real da França
{Flor}-de-lis
80%
Palácio onde ele viviaVersalhes
68%
Jornal diário famoso cujo nome
significa "O Mundo"
Le Monde
64%
Prisão invadida em 14 de Julho
de 1789
Bastilha
63%
Avenida onde essa corrida acaba{Champs}-Élysées
62%
Região francesa que foi a fonte de
invasões no Dia D
Normandia
59%
Segunda área urbana mais povoadaLião
57%
Terceira área urbana mais povoadaMarselha
57%
Competição de ciclismo famosaVolta da França
51%
Rei cuja duração do reinado
foi a mais longa
Luís XIV
48%
Dinastia que ele fazia parteBourbon
35%
Nome romano para a FrançaGália
33%
Montanha mais altaMonte Branco
30%
Rio mais longo na FrançaLíger
25%
Mulher que representa a FrançaMarianne
21%

Distribuição das Pontuações

Percentil de Números Respondidos

Porcentagem de Pessoas com Cada Pontuação

Sua Pontuação Histórica

Você não jogou esse quiz